| 000 | 00731nam a22002057a 4500 | ||
|---|---|---|---|
| 999 |
_c18506 _d18506 |
||
| 003 | AR-CdUCM | ||
| 008 | 190514b ||||| |||| 00| 0 spa d | ||
| 040 |
_aMUNICIPALIDAD PROVINCIAL DEL CUSCO _cBIBLIOTECA MUNICIPAL DEL CUSCO |
||
| 082 |
_a004.35 / _bP27 |
||
| 100 |
_aDi Pasquale, Pascual D. _939135 |
||
| 245 | _aComputación para contadores y empresarios / | ||
| 260 |
_aArgentina : _bCangallo, _c1979. |
||
| 300 |
_a271 páginas ; _c25 cm. |
||
| 505 | _aContenido : Compra arrendamiento -- Auditoria de sistemas -- Centro de cómputos -- Organización interna... | ||
| 650 |
_aSistemas _92854 |
||
| 650 |
_aPlan de instalación _939136 |
||
| 650 |
_aNecesidades del contador _939137 |
||
| 942 |
_2ddc _cLIBROS |
||
| 945 | _arcc | ||